000 00493nmm a2200169Ia 4500
008 251105s9999||||xx |||||||||||||||||und||
020 _a9788413050263
041 _aspa
100 _aArmesilla Conde, Santiago
245 0 _aBreve Historia de la Economía
264 _a[Madrid, España] :
_bEdiciones Nowtilus,
_c2019
300 _a352 páginas
490 _aBreve historia
650 _aEconomics and Business
856 _uhttps://public.digitaliapublishing.com/a/171920
942 _cCF
999 _c76298
_d76298